Harvard business review on the business value of it
Αποθηκεύτηκε σε:
| Μορφή: | Βιβλίο |
|---|---|
| Γλώσσα: | English |
| Δημοσίευση: |
Boston :
Harvard Business School Press,
1999
|
| Σειρά: | Harvard business review paperback series
|
| Θέματα: | |
| Ετικέτες: |
Προσθήκη ετικέτας
Δεν υπάρχουν, Καταχωρήστε ετικέτα πρώτοι!
|
MARC
| LEADER | 00000nam a2200000 i 4500 | ||
|---|---|---|---|
| 001 | 1/19178 | ||
| 008 | 010404s1999 eng d | ||
| 020 | |a 0-87584-912-1 | ||
| 035 | |l 10066759 | ||
| 040 | |a GR-MY-UA |b gre |e aacr | ||
| 041 | 0 | |a eng | |
| 082 | 0 | |a 658.4038 | |
| 245 | 1 | 0 | |a Harvard business review on the business value of it |
| 246 | 3 | 3 | |a Business Value of IT |
| 260 | |a Boston : |b Harvard Business School Press, |c 1999 | ||
| 300 | |a 239 p.; |c 21 cm. | ||
| 490 | 1 | |a Harvard business review paperback series | |
| 500 | |a "A collection of articles previously published in the Harvard business reviviw." | ||
| 504 | |a Includes bibliographical references and index | ||
| 650 | 0 | 0 | |a Information technology. |
| 830 | 0 | |a Harvard business review paperback series | |
| 852 | |a INST |b SAMOS |e 20010404 |h 658.4038 HAR |p 005300021124 |q 005300021124 |t BK |y 0 | ||
| 852 | |a INST |b SAMOS |e 20010404 |h 658.4038 HAR |p 005300021125 |q 005300021125 |t BK |y 0 | ||
| 852 | |a INST |b SAMOS |e 20010404 |h 658.4038 HAR |p 005300021135 |q 005300021135 |t BK |y 23 | ||
| 901 | |a BIBL3-2001-1 | ||
| 909 | |a Σ |b 086311 | ||
| 909 | |a Σ |b 086312 | ||
| 909 | |a Σ |b 086313 | ||
| 922 | |a 3ΕΛΗ |b 200008 |c ΤΠΕΣ/ΠΟΛ-2 |d LEADER | ||
| 970 | |a ΚΟΣΙΕΡΗΣ |b ΧΡΗΣΤΟΣ |z 2001/04/04 | ||